Mechanics of fluids (Record no. 17493)

000 -LEADER
fixed length control field 00472nam a22001937a 4500
001 - CONTROL NUMBER
control field 17493
003 - CONTROL NUMBER IDENTIFIER
control field BD-DhUET
008 - FIXED-LENGTH DATA ELEMENTS--GENERAL INFORMATION
fixed length control field 150324b xxu||||| |||| 00| 0 eng d
040 ## - CATALOGING SOURCE
Transcribing agency 0
Modifying agency BD-DhUET
082 ## - DEWEY DECIMAL CLASSIFICATION NUMBER
Classification number 532
Item number MUR/1952
100 ## - MAIN ENTRY--PERSONAL NAME
Personal name Murphy, Glenn
245 ## - TITLE STATEMENT
Title Mechanics of fluids
250 ## - EDITION STATEMENT
Edition statement 2nd ed.
260 ## - PUBLICATION, DISTRIBUTION, ETC. (IMPRINT)
Place of publication, distribution, etc. Pennsylvania
Name of publisher, distributor, etc. International Textbook
Date of publication, distribution, etc. 1952
300 ## - PHYSICAL DESCRIPTION
Extent ix, 309p.
Other physical details ill.
504 ## - BIBLIOGRAPHY, ETC. NOTE
Bibliography, etc Includes bibliographies
650 #0 - SUBJECT ADDED ENTRY--TOPICAL TERM
Topical term or geographic name as entry element Mechanics
942 ## - ADDED ENTRY ELEMENTS (KOHA)
Koha item type General Book
Holdings
Date acquired Koha item type Withdrawn status Copy number Lost status Not for loan Koha normalized classification for sorting Koha full call number Location (home branch) Price effective from Sublocation or collection (holding branch) Damaged status Piece designation (barcode) Koha date last seen Shelving location Source of classification or shelving scheme
2015-03-24General Book 1  532_000000000000000_MUR_1952532/MUR/1952Central Library, BUET2015-03-24Central Library, BUET 16502015-03-24Circulation section 
2015-03-24General Book 2  532_000000000000000_MUR_1952532/MUR/1952Central Library, BUET2015-03-24Central Library, BUET 33802015-03-24Circulation section 
2015-03-24General Book 3  532_000000000000000_MUR_1952532/MUR/1952Central Library, BUET2015-03-24Central Library, BUET 16512015-03-24Circulation section 
2015-03-24General Book 4  532_000000000000000_MUR_1952532/MUR/1952Central Library, BUET2015-03-24Central Library, BUET 16342015-03-24Circulation section